000
00243nam a2200097Ia 4500
100
_a
Indian Standard Institution
942
_c
BK
245
_a
Recommendations for limits & Fits
260
_b
Indian Standard Institution
_c
2001
546
_a
ENGLISH
999
_c
32286
_d
32286